00437nam a2200181 a 4500001001300000003000900013005001700022008004100039020001000080082001300090100002100103245001800124260004100142300000800183500003500191505001000226650001900236nice12345678IN_TiNIC20260116011300.0050524s1951 lona grp 000 0 eng  ac10000a241bQUE aQuell, Gottfried aRighteousness aLondonbAdam and Charles Blackc1951 a82p aincludes index and biblioraphy2 aIndex aTheology-Moral